| 000 | 00960nam a22002055i 4500 | ||
|---|---|---|---|
| 001 | 152573 | ||
| 003 | ES-MaACL | ||
| 005 | 20230906204812.0 | ||
| 008 | 990708s1879 sp a |||| | spa d | ||
| 040 |
_aM-RAF _bspa _cM-RAF _dCCPB | B |
||
| 100 | 0 |
_aBoutron. _9126133 |
|
| 245 | 1 | 0 |
_aHidrotimetría _b: nuevo método para determinar las proporciones de las materias minerales / _cBoutron, F. Boudet. |
| 260 |
_aMadrid : _bRedacción del Semanario farmacéutico, _c1879. |
||
| 300 |
_a91 p. : _bil. ; _c23 cm. |
||
| 530 | _aDisponible en formato digital. | ||
| 650 | 4 |
_aAgua- _xAnálisis. _9139125 |
|
| 700 | 1 | 1 |
_aBoudet, F. _930853 |
| 852 |
_aES-MaACL _jT-317-F-8 _z-- Enc. hol. _z-- Enc. en un vol. facticio _x-- Edic.: El tit. continua: "... materias minerales disueltas en las aguas de manantiales y rios / por Boutron y F. Boudet; version española ..." |
||
| 856 |
_uhttp://bdh-rd.bne.es/viewer.vm?id=0000047207&page=1 _zBiblioteca Digital Hispánica |
||
| 999 |
_c152573 _d152573 |
||